Introduction to topology and modern analysis (Record no. 161189)
[ view plain ]
| 000 -LEADER | |
|---|---|
| fixed length control field | 00573nam a2200217Ia 4500 |
| 003 - CONTROL NUMBER IDENTIFIER | |
| control field | OSt |
| 005 - DATE AND TIME OF LATEST TRANSACTION | |
| control field | 20230624113035.0 |
| 008 - FIXED-LENGTH DATA ELEMENTS--GENERAL INFORMATION | |
| fixed length control field | 210423s9999 xx 000 0 und d |
| 020 ## - INTERNATIONAL STANDARD BOOK NUMBER | |
| International Standard Book Number | 9780070597846 |
| 040 ## - CATALOGING SOURCE | |
| Transcribing agency | AL |
| 041 ## - LANGUAGE CODE | |
| Language code of text/sound track or separate title | eng |
| 082 ## - DEWEY DECIMAL CLASSIFICATION NUMBER | |
| Classification number | 514 |
| Edition number | 23 |
| Item number | SIMG |
| 100 ## - MAIN ENTRY--PERSONAL NAME | |
| Personal name | SIMMONS (George F) |
| 9 (RLIN) | 93875 |
| 245 ## - TITLE STATEMENT | |
| Title | Introduction to topology and modern analysis |
| 260 ## - PUBLICATION, DISTRIBUTION, ETC. | |
| Name of publisher, distributor, etc. | Tata McGraw-hill |
| Place of publication, distribution, etc. | Delhi |
| Date of publication, distribution, etc. | 2010 |
| 300 ## - PHYSICAL DESCRIPTION | |
| Extent | xv,372 |
| Other physical details | PB |
| 365 ## - TRADE PRICE | |
| Price amount | 425 |
| Currency code | INR |
| 650 ## - SUBJECT ADDED ENTRY--TOPICAL TERM | |
| Topical term or geographic name entry element | Topology |
| 9 (RLIN) | 93876 |
| 906 ## - LOCAL DATA ELEMENT F, LDF (RLIN) | |
| a | analysis. ; Introduction ; modern ; topology |
| 942 ## - ADDED ENTRY ELEMENTS (KOHA) | |
| Source of classification or shelving scheme | Dewey Decimal Classification |
| Koha item type | Book |
| Withdrawn status | Lost status | Damaged status | Not for loan | Collection code | Home library | Current library | Date acquired | Source of acquisition | Cost, normal purchase price | Total Checkouts | Full call number | Barcode | Date last seen | Price effective from | Koha item type | Date last checked out |
|---|---|---|---|---|---|---|---|---|---|---|---|---|---|---|---|---|
| Mathematics | St Aloysius PG Library | St Aloysius PG Library | 07/23/2010 | Athulya Books | 300.00 | 514 SIMG | PG004803 | 08/24/2022 | 04/26/2021 | Book | ||||||
| Mathematics | St Aloysius PG Library | St Aloysius PG Library | 07/05/2011 | Athulya Books | 350.00 | 1 | 514 SIMG | PG005944 | 01/24/2024 | 04/26/2021 | Book | 01/18/2024 | ||||
| Mathematics | St Aloysius PG Library | St Aloysius PG Library | 03/22/2013 | Higginbothams Pvt Ltd | 425.00 | 514 SIMG | PG007670 | 08/24/2022 | 04/26/2021 | Book | ||||||
| Mathematics | St Aloysius PG Library | St Aloysius PG Library | 03/26/2013 | Higginbothams Pvt Ltd | 425.00 | 514 SIMG | PG007769 | 08/24/2022 | 04/26/2021 | Book | ||||||
| Mathematics | St Aloysius PG Library | St Aloysius PG Library | 03/26/2013 | Higginbothams Pvt Ltd | 425.00 | 514 SIMG | PG007770 | 08/24/2022 | 04/26/2021 | Book | ||||||
| Mathematics | St Aloysius PG Library | St Aloysius PG Library | 03/30/2013 | Higginbothams Pvt Ltd | 425.00 | 1 | 514 SIMG | PG007792 | 01/13/2025 | 04/26/2021 | Book | 01/07/2025 | ||||
| Mathematics | St Aloysius PG Library | St Aloysius PG Library | 03/30/2013 | Higginbothams Pvt Ltd | 425.00 | 2 | 514 SIMG | PG007793 | 02/10/2026 | 04/26/2021 | Book | 02/09/2026 | ||||
| Mathematics | St Aloysius PG Library | St Aloysius PG Library | 03/30/2013 | Higginbothams Pvt Ltd | 425.00 | 1 | 514 SIMG | PG007794 | 02/28/2025 | 04/26/2021 | Book | 02/19/2025 |